000 00330nam a22001457a 4500
008 210303b ||||| |||| 00| 0 eng d
020 _a9780071352925
041 _aeng
080 _a616.12
082 _a616.12
100 _a7
101 _aKARDIO
245 _aElectrocardiography in ten Days
_cFerry, D. R
942 _2udc
_cBK
999 _c55586
_d55586